000 00314nam a2200145Ia 4500
008 210210b1989 xxu||||| |||| 00| 0 eng d
082 _a530 TIPP
100 _aTIPLER (Paul A).
245 _aPhysics.
260 _aNY
_bC B S
_c1989
300 _a1026
650 _aPhysics
690 _aPhysics
906 _a043653
999 _c93297
_d93297